[Event "Avoine op 37th"]
[Site "Avoine"]
[Date "2023.07.27"]
[Round "6"]
[White "Bressac, Stephane"]
[Black "Villegas, Pierre"]
[Result "1-0"]
[WhiteElo "2389"]
[BlackElo "2274"]
[PlyCount "147"]
[EventDate "2023.07.22"]
[EventType "swiss"]
[EventRounds "9"]
[EventCountry "FRA"]
[SourceTitle "CBM 215 Extra"]
[Source "ChessBase"]
[SourceDate "2023.09.30"]
[SourceVersion "1"]
[SourceVersionDate "2023.09.30"]
[SourceQuality "1"]

1. e4 c6 2. d4 d5 3. Nd2 dxe4 4. Nxe4 Nf6 5. Nxf6+ exf6 6. c3 Bd6 7. Bd3 0-0 8. Qc2 Re8+ 9. Ne2 f5 10. Bxf5 Bxf5 11. Qxf5 Nd7 12. Be3 Nb6 13. 0-0 Nc4 14. b3 g6 15. Qd3 Nxe3 16. fxe3 f5 17. c4 Qh4 18. g3 Qg4 19. c5 Bf8 20. Rae1 Rad8 21. Kg2 Bh6 22. Nf4 Kh8 23. Qc4 Bxf4 24. Rxf4 Qg5 25. Qf1 Kg8 26. Qf2 Qe7 27. Qf3 Rf8 28. Rf1 Rfe8 29. Re1 Rf8 30. h4 Qe6 31. Kh2 Rde8 32. Qf1 Qd7 33. Qd3 Kg7 34. Re2 Kg8 35. a4 a6 36. b4 Kg7 37. b5 axb5 38. axb5 cxb5 39. Rb2 Qe6 40. Rxb5 Rf7 41. Rb3 Qd5 42. Rb2 Rfe7 43. Qb3 Qc6 44. Rff2 Ra8 45. Qc4 Rd8 46. Qc3 Qd5 47. Rb6 Kg8 48. Qb3 Qxb3 49. Rxb3 Kg7 50. Rfb2 Rdd7 51. Kg2 Kf7 52. Kf3 Ke8 53. Rb4 Kd8 54. Ke2 Kc8 55. Kd3 Re4 56. Ke2 Re6 57. Rb6 Ree7 58. Kf3 Re4 59. R2b3 Rc7 60. Rd6 Rce7 61. Rf6 Rd7 62. h5 Rg4 63. hxg6 hxg6 64. Rbb6 Rg7 65. c6 bxc6 66. Rfxc6+ Kd8 67. Rb8+ Kd7 68. d5 Re7 69. Rb3 Re5 70. Rb7+ Kd8 71. Ra6 Rc4 72. Rxg6 Rce4 73. Rg8+ Re8 74. Rb8+ 1-0

[Event "Vecindario Montalvo Memorial 14th"]
[Site "Vecindario"]
[Date "2022.09.05"]
[Round "3"]
[White "Villegas, Pierre"]
[Black "Czebe, Attila"]
[Result "1-0"]
[WhiteElo "2232"]
[BlackElo "2375"]
[PlyCount "73"]
[EventDate "2022.09.04"]
[EventType "swiss"]
[EventRounds "9"]
[EventCountry "ESP"]
[SourceTitle "CBM 210 Extra"]
[Source "ChessBase"]
[SourceDate "2022.11.30"]
[SourceVersion "1"]
[SourceVersionDate "2022.11.30"]
[SourceQuality "1"]

1. d4 e6 2. c4 Bb4+ 3. Bd2 Bxd2+ 4. Qxd2 Nf6 5. Nc3 d5 6. Nf3 0-0 7. Qf4 Nbd7 8. e3 Nh5 9. Qg4 g6 10. Ne5 c5 11. 0-0-0 Nxe5 12. dxe5 a6 13. Qe2 b5 14. g4 Ng7 15. cxd5 exd5 16. Nxd5 Qa5 17. Kb1 Be6 18. Bg2 Kh8 19. h4 Rad8 20. h5 g5 21. h6 Ne8 22. e4 f6 23. exf6 Nxf6 24. b3 Bxd5 25. exd5 Rfe8 26. Qb2 Rd6 27. f4 c4 28. b4 Qc7 29. Qc3 Qf7 30. Ka1 Qg6 31. f5 Qf7 32. Rde1 Kg8 33. Qd2 Kh8 34. Rxe8+ Qxe8 35. Re1 Qf8 36. Qxg5 Ng8 37. Re8 1-0

[Event "Purtichju op"]
[Site "Purtichju"]
[Date "2022.07.03"]
[Round "3"]
[White "Villegas, Pierre"]
[Black "Rakotomaharo, Fy Antenaina"]
[Result "1/2-1/2"]
[WhiteElo "2294"]
[BlackElo "2490"]
[PlyCount "104"]
[EventDate "2022.07.02"]
[EventType "swiss"]
[EventRounds "9"]
[EventCountry "FRA"]
[SourceTitle "EXT 2023"]
[Source "ChessBase"]
[SourceDate "2022.10.05"]
[SourceVersion "1"]
[SourceVersionDate "2022.10.05"]
[SourceQuality "1"]

1. d4 Nf6 2. c4 e6 3. Nc3 d5 4. cxd5 exd5 5. Bg5 c6 6. e3 h6 7. Bh4 Be7 8. Qc2 0-0 9. Bd3 Re8 10. Nge2 a5 11. 0-0 Na6 12. a3 Nc7 13. f3 c5 14. b3 b6 15. a4 Ba6 16. Bxa6 Nxa6 17. Nb5 Nb4 18. Qd2 cxd4 19. exd4 Rc8 20. Nec3 Nh5 21. Bxe7 Qxe7 22. Rfe1 Qf6 23. Rxe8+ Rxe8 24. Re1 Rxe1+ 25. Qxe1 Nf4 26. Qe5 Qxe5 27. dxe5 g5 28. Nd4 Kf8 29. g3 Nfd3 30. e6 fxe6 31. Nxe6+ Ke7 32. Nd4 Kd6 33. Ncb5+ Ke5 34. Kf1 h5 35. Ke2 g4 36. Ke3 gxf3 37. Nxf3+ Kf5 38. h3 Nc5 39. Nbd4+ Kf6 40. g4 hxg4 41. hxg4 Nbd3 42. g5+ Kg6 43. Ne6 Nxe6 44. Kxd3 Nc5+ 45. Kd4 Nxb3+ 46. Kxd5 Nc5 47. Kc6 Nxa4 48. Ne5+ Kxg5 49. Nc4 Kf4 50. Nxa5 bxa5 51. Kb5 Nb6 52. Kxa5 Ke5 1/2-1/2

[Event "Titled Tuesday intern op 05th Apr Late"]
[Site "Chess.com INT"]
[Date "2022.04.05"]
[Round "9"]
[White "Mekhitarian, Krikor Sevag"]
[Black "Villegas, Pierre"]
[Result "1-0"]
[WhiteElo "2569"]
[BlackElo "2301"]
[PlyCount "67"]
[EventDate "2022.04.05"]
[EventType "swiss (blitz)"]
[EventRounds "11"]
[EventCountry "USA"]
[SourceTitle "CBM 207 Extra"]
[Source "ChessBase"]
[SourceDate "2022.05.31"]
[SourceVersion "1"]
[SourceVersionDate "2022.05.31"]
[SourceQuality "1"]

1. Nf3 d5 2. c4 e6 3. e3 Nf6 4. Nc3 a6 5. b3 Be7 6. Bb2 0-0 7. Rc1 dxc4 8. bxc4 c5 9. g3 b6 10. Bg2 Bb7 11. 0-0 Qc7 12. Qe2 Nc6 13. d3 Rfd8 14. Ne1 Na5 15. Bxb7 Qxb7 16. a4 Nc6 17. f4 Nb4 18. Rd1 Qc6 19. Nf3 Nd7 20. g4 Bf6 21. g5 Bxc3 22. Bxc3 Qxa4 23. h4 Nf8 24. Rd2 Qb3 25. Rc1 Qa4 26. h5 b5 27. h6 bxc4 28. dxc4 Rxd2 29. Qxd2 gxh6 30. Ne5 Ng6 31. Ng4 Qc6 32. Rd1 Kf8 33. Nxh6 a5 34. Qd7 1-0

[Event "Titled Tuesday intern op 05th Apr Late"]
[Site "Chess.com INT"]
[Date "2022.04.05"]
[Round "8"]
[White "Villegas, Pierre"]
[Black "Do Valle Cardoso, Lucas"]
[Result "1-0"]
[WhiteElo "2301"]
[BlackElo "2242"]
[PlyCount "109"]
[EventDate "2022.04.05"]
[EventType "swiss (blitz)"]
[EventRounds "11"]
[EventCountry "USA"]
[SourceTitle "CBM 207 Extra"]
[Source "ChessBase"]
[SourceDate "2022.05.31"]
[SourceVersion "1"]
[SourceVersionDate "2022.05.31"]
[SourceQuality "1"]

1. d4 d5 2. c4 dxc4 3. e3 e5 4. Bxc4 exd4 5. exd4 Nf6 6. Nf3 Bd6 7. Qe2+ Qe7 8. Qxe7+ Bxe7 9. 0-0 0-0 10. Re1 Bd6 11. Bg5 Nc6 12. Nc3 a6 13. Bxf6 gxf6 14. Ne4 Kg7 15. Nxd6 cxd6 16. h3 Bd7 17. a3 Rac8 18. Bd5 Rfe8 19. Kf1 Be6 20. Bxc6 bxc6 21. Nd2 Bd5 22. f3 Rxe1+ 23. Rxe1 Rb8 24. b4 a5 25. Rb1 axb4 26. axb4 f5 27. Ke2 f4 28. Ne4 Rd8 29. Kd3 Kg6 30. b5 cxb5 31. Rxb5 Be6 32. Rg5+ Kh6 33. h4 d5 34. Nf6 Bf5+ 35. Rxf5 Kg6 36. Rxf4 h5 37. g4 hxg4 38. fxg4 Ra8 39. Nxd5 Ra3+ 40. Ke4 Rh3 41. Rf6+ Kg7 42. h5 Rh1 43. Rf4 Re1+ 44. Ne3 Rh1 45. d5 Ra1 46. Rf5 Ra4+ 47. Kf3 f6 48. Rf4 Ra3 49. Rd4 Kh6 50. d6 Kg5 51. d7 f5 52. d8Q+ Kh6 53. Qf6+ Kh7 54. Rd7+ Kg8 55. Qd8# 1-0

[Event "Titled Tuesday intern op 05th Apr Late"]
[Site "Chess.com INT"]
[Date "2022.04.05"]
[Round "11"]
[White "Villegas, Pierre"]
[Black "Sapunov, Evgeny"]
[Result "0-1"]
[WhiteElo "2301"]
[BlackElo "2461"]
[PlyCount "94"]
[EventDate "2022.04.05"]
[EventType "swiss (blitz)"]
[EventRounds "11"]
[EventCountry "USA"]
[SourceTitle "CBM 207 Extra"]
[Source "ChessBase"]
[SourceDate "2022.05.31"]
[SourceVersion "1"]
[SourceVersionDate "2022.05.31"]
[SourceQuality "1"]

1. d4 Nf6 2. c4 g6 3. Nc3 Bg7 4. e4 0-0 5. Nge2 d6 6. Ng3 Nc6 7. Be2 e5 8. d5 Nd4 9. Be3 c5 10. dxc6 bxc6 11. 0-0 c5 12. Qd2 Bb7 13. f3 h5 14. Bd3 h4 15. Nge2 Nh5 16. Bg5 Bf6 17. Bxf6 Qxf6 18. Nxd4 cxd4 19. Ne2 g5 20. b4 Rfc8 21. Rfc1 Rc7 22. c5 dxc5 23. Rxc5 Rxc5 24. bxc5 Rc8 25. Rc1 Ng7 26. Qb4 Qe7 27. Bc4 Bc6 28. Rc2 Ne6 29. Bxe6 Qxe6 30. Nc1 g4 31. Nd3 h3 32. Qe1 Bb5 33. Nb4 d3 34. Rd2 Rxc5 35. Nd5 Rxd5 36. exd5 Qxd5 37. gxh3 gxf3 38. Kf2 e4 39. Qe3 a6 40. h4 f6 41. Rd1 Kf7 42. Qa7+ Ke6 43. Qb6+ Kf5 44. Rd2 Qe5 45. Qd8 Qxh2+ 46. Ke3 Qf4+ 47. Kd4 e3+ 0-1

[Event "Titled Tuesday intern op 22 Mar Late"]
[Site "Chess.com INT"]
[Date "2022.03.22"]
[Round "2"]
[White "Lauridsen, Jesper Morch"]
[Black "Villegas, Pierre"]
[Result "0-1"]
[WhiteElo "2208"]
[BlackElo "2301"]
[PlyCount "82"]
[EventDate "2022.03.22"]
[EventType "swiss (blitz)"]
[EventRounds "11"]
[EventCountry "USA"]
[SourceTitle "CBM 207 Extra"]
[Source "ChessBase"]
[SourceDate "2022.05.31"]
[SourceVersion "1"]
[SourceVersionDate "2022.05.31"]
[SourceQuality "1"]

1. e4 c6 2. d4 d5 3. Nd2 g6 4. Ngf3 Bg7 5. c3 Nh6 6. exd5 cxd5 7. Bb5+ Nc6 8. h3 0-0 9. Bxc6 bxc6 10. 0-0 Nf5 11. Nb3 Qc7 12. Re1 a5 13. a4 Nd6 14. Bf4 Bf5 15. Nc5 Qa7 16. g4 Bc8 17. Qe2 Ne4 18. Nxe4 dxe4 19. Qxe4 e6 20. Ne5 Bb7 21. Nxc6 Qb6 22. Ne7+ Kh8 23. Qe3 Rfe8 24. Bg5 f6 25. Qxe6 Qxe6 26. Rxe6 fxg5 27. Rae1 Rf8 28. d5 Rad8 29. d6 Rf3 30. c4 Rxh3 31. Nd5 Bxd5 32. cxd5 Rf3 33. Re8+ Rf8 34. R8e6 Rf6 35. Re8+ Rf8 36. R8e6 Rd7 37. b3 Rfd8 38. Re8+ Bf8 39. R1e6 Kg8 40. Rxd8 Rxd8 41. Re5 Bxd6 0-1

[Event "Titled Tuesday intern op 22 Mar Late"]
[Site "Chess.com INT"]
[Date "2022.03.22"]
[Round "5"]
[White "Vifleemskaia, Svetlana"]
[Black "Villegas, Pierre"]
[Result "0-1"]
[WhiteElo "1926"]
[BlackElo "2301"]
[PlyCount "70"]
[EventDate "2022.03.22"]
[EventType "swiss (blitz)"]
[EventRounds "11"]
[EventCountry "USA"]
[SourceTitle "CBM 207 Extra"]
[Source "ChessBase"]
[SourceDate "2022.05.31"]
[SourceVersion "1"]
[SourceVersionDate "2022.05.31"]
[SourceQuality "1"]

1. d4 Nf6 2. c4 e6 3. Nc3 Bb4 4. e3 0-0 5. Nge2 c6 6. a3 Ba5 7. b4 Bc7 8. f4 d5 9. c5 Nbd7 10. Ng3 a5 11. Bd2 e5 12. fxe5 Nxe5 13. dxe5 Bxe5 14. Ra2 Ng4 15. Qf3 Qh4 16. Bd3 Nxh2 17. Kf2 Nxf3 18. Rxh4 Nxh4 19. b5 f5 20. Nce2 Bd7 21. a4 Ng6 22. Nh5 f4 23. exf4 Bg4 24. Bxg6 hxg6 25. Nhg3 g5 26. f5 Bxf5 27. Nxf5 Rxf5+ 28. Ke3 Re8 29. Kd3 Rf2 30. Bxa5 Rxg2 31. bxc6 bxc6 32. Bd2 Bb8 33. Nd4 Ba7 34. Nxc6 Bxc5 35. a5 Re6 0-1

[Event "Titled Tuesday intern op 22 Mar Late"]
[Site "Chess.com INT"]
[Date "2022.03.22"]
[Round "11"]
[White "Villegas, Pierre"]
[Black "Goryachkina, Aleksandra"]
[Result "0-1"]
[WhiteElo "2301"]
[BlackElo "2610"]
[PlyCount "64"]
[EventDate "2022.03.22"]
[EventType "swiss (blitz)"]
[EventRounds "11"]
[EventCountry "USA"]
[SourceTitle "CBM 207 Extra"]
[Source "ChessBase"]
[SourceDate "2022.05.31"]
[SourceVersion "1"]
[SourceVersionDate "2022.05.31"]
[SourceQuality "1"]

1. c4 Nf6 2. Nc3 c5 3. Nf3 Nc6 4. g3 g6 5. Bg2 Bg7 6. 0-0 0-0 7. d4 cxd4 8. Nxd4 Qa5 9. Nb3 Qh5 10. c5 a5 11. Na4 d6 12. cxd6 Rd8 13. e4 Bg4 14. f3 Be6 15. Bf4 exd6 16. g4 Qb5 17. Nc3 Qb6+ 18. Kh1 a4 19. Nd2 Qxb2 20. Rc1 d5 21. Rc2 Qb4 22. a3 Qxa3 23. Nb5 Qe7 24. Nc7 Rac8 25. Nxd5 Bxd5 26. exd5 Nxd5 27. Re1 Qd7 28. Bg3 a3 29. Ne4 Ncb4 30. Rxc8 Rxc8 31. Nd6 Rd8 32. Qb3 a2 0-1

[Event "Titled Tuesday intern op 22 Mar Late"]
[Site "Chess.com INT"]
[Date "2022.03.22"]
[Round "9"]
[White "Villegas, Pierre"]
[Black "Kokoszczynski, Jan"]
[Result "1-0"]
[WhiteElo "2301"]
[BlackElo "2296"]
[PlyCount "81"]
[EventDate "2022.03.22"]
[EventType "swiss (blitz)"]
[EventRounds "11"]
[EventCountry "USA"]
[SourceTitle "CBM 207 Extra"]
[Source "ChessBase"]
[SourceDate "2022.05.31"]
[SourceVersion "1"]
[SourceVersionDate "2022.05.31"]
[SourceQuality "1"]

1. c4 e5 2. Nc3 Bb4 3. e4 Bxc3 4. dxc3 d6 5. Be2 Nc6 6. Be3 Be6 7. Nf3 h6 8. 0-0 Nge7 9. c5 d5 10. exd5 Nxd5 11. Qc1 0-0 12. Rd1 Qf6 13. b4 Rad8 14. a3 Nce7 15. c4 Nxe3 16. Qxe3 Ng6 17. g3 Bf5 18. Rxd8 Rxd8 19. Rd1 Rxd1+ 20. Bxd1 h5 21. Ng5 Bg4 22. Bc2 Ne7 23. Qd3 g6 24. Ne4 Qe6 25. Qd8+ Kg7 26. Qxc7 Bf3 27. Ng5 Qf6 28. Nxf3 Nc6 29. Kg2 g5 30. Nd2 Nd4 31. Be4 Qa6 32. Qd6 f6 33. Qxa6 bxa6 34. c6 Kf7 35. c7 f5 36. c8Q fxe4 37. Qb7+ Kf6 38. Qxa6+ Kf5 39. Qxa7 h4 40. Qf7+ Kg4 41. h3# 1-0

[Event "Titled Tuesday intern op 22 Mar Late"]
[Site "Chess.com INT"]
[Date "2022.03.22"]
[Round "1"]
[White "Villegas, Pierre"]
[Black "Maghsoodloo, Parham"]
[Result "0-1"]
[WhiteElo "2301"]
[BlackElo "2701"]
[PlyCount "74"]
[EventDate "2022.03.22"]
[EventType "swiss (blitz)"]
[EventRounds "11"]
[EventCountry "USA"]
[SourceTitle "CBM 207 Extra"]
[Source "ChessBase"]
[SourceDate "2022.05.31"]
[SourceVersion "1"]
[SourceVersionDate "2022.05.31"]
[SourceQuality "1"]

1. d4 Nf6 2. c4 e6 3. Nc3 Bb4 4. f3 d5 5. a3 Be7 6. e4 dxe4 7. fxe4 c5 8. d5 exd5 9. exd5 Bd6 10. Nf3 0-0 11. Be2 Bg4 12. 0-0 Nbd7 13. Bg5 h6 14. Bh4 Re8 15. Qd2 a6 16. Rae1 Qc7 17. h3 Bh5 18. g4 Bg6 19. Bd3 Rxe1 20. Rxe1 Bg3 21. Bxg6 Bxe1 22. Bxf7+ Kxf7 23. Bxe1 Re8 24. Kg2 Qb6 25. g5 hxg5 26. Nxg5+ Kg8 27. Ne6 Qb3 28. Qe2 b5 29. Bh4 Qxc4 30. Qxc4 bxc4 31. Bxf6 Nxf6 32. Nxc5 Rb8 33. N5a4 Nd7 34. Kg3 Ne5 35. Nc5 Rxb2 36. d6 Kf7 37. Nd5 Rb5 0-1

[Event "Titled Tuesday intern op 01st Mar Late"]
[Site "Chess.com INT"]
[Date "2022.03.01"]
[Round "8"]
[White "Goryachkina, Aleksandra"]
[Black "Villegas, Pierre"]
[Result "1-0"]
[WhiteElo "2610"]
[BlackElo "2301"]
[PlyCount "67"]
[EventDate "2022.03.01"]
[EventType "swiss (blitz)"]
[EventRounds "11"]
[EventCountry "USA"]
[SourceTitle "CBM 207 Extra"]
[Source "ChessBase"]
[SourceDate "2022.05.31"]
[SourceVersion "1"]
[SourceVersionDate "2022.05.31"]
[SourceQuality "1"]

1. e4 c6 2. d4 d5 3. Nd2 dxe4 4. Nxe4 Nf6 5. Nxf6+ exf6 6. c3 Bd6 7. Bd3 0-0 8. Qc2 Re8+ 9. Ne2 Kh8 10. 0-0 Nd7 11. Bd2 Nf8 12. Rfe1 Bg4 13. Ng3 g6 14. Rxe8 Qxe8 15. c4 Qd7 16. Bc3 Kg7 17. Ne4 Be7 18. Re1 Ne6 19. d5 cxd5 20. cxd5 Qxd5 21. Bc4 Qc6 22. Qb3 Bf5 23. Bd5 Qc7 24. Ng3 Nc5 25. Qc4 Be6 26. Bxe6 b5 27. Qg4 Nxe6 28. Nh5+ Kg8 29. Nxf6+ Bxf6 30. Bxf6 Re8 31. h3 h5 32. Qf3 Qd7 33. Bc3 f6 34. Qxf6 1-0

[Event "Titled Tuesday intern op 22nd Feb Late"]
[Site "Chess.com INT"]
[Date "2022.02.22"]
[Round "6"]
[White "Villegas, Pierre"]
[Black "Chabris, Christopher"]
[Result "1-0"]
[WhiteElo "2301"]
[BlackElo "2080"]
[PlyCount "49"]
[EventDate "2022.02.22"]
[EventType "swiss (blitz)"]
[EventRounds "11"]
[EventCountry "USA"]
[SourceTitle "CBM 207 Extra"]
[Source "ChessBase"]
[SourceDate "2022.05.31"]
[SourceVersion "1"]
[SourceVersionDate "2022.05.31"]
[SourceQuality "1"]

1. d4 d5 2. c4 c6 3. Nf3 Nf6 4. e3 e6 5. b3 Ne4 6. Nbd2 Bb4 7. a3 Bc3 8. Rb1 c5 9. Bd3 cxd4 10. exd4 Nc6 11. 0-0 Nxd2 12. Bxd2 Bxd4 13. Nxd4 Nxd4 14. Qg4 Qf6 15. cxd5 e5 16. Qh5 g6 17. Qh6 Nf5 18. Bxf5 Bxf5 19. Bg5 Qd6 20. Qg7 Rf8 21. Rbe1 f6 22. Bh6 0-0-0 23. Rc1+ Kb8 24. Be3 Rd7 25. Qh6 1-0

[Event "Titled Tuesday intern op 22nd Feb Late"]
[Site "Chess.com INT"]
[Date "2022.02.22"]
[Round "3"]
[White "Villegas, Pierre"]
[Black "Thomas, Anysia"]
[Result "1-0"]
[WhiteElo "2301"]
[BlackElo "2163"]
[PlyCount "77"]
[EventDate "2022.02.22"]
[EventType "swiss (blitz)"]
[EventRounds "11"]
[EventCountry "USA"]
[SourceTitle "CBM 207 Extra"]
[Source "ChessBase"]
[SourceDate "2022.05.31"]
[SourceVersion "1"]
[SourceVersionDate "2022.05.31"]
[SourceQuality "1"]

1. d4 Nf6 2. c4 g6 3. f3 Nc6 4. Nc3 d5 5. cxd5 Nxd5 6. e4 Nxc3 7. bxc3 Bg7 8. Be3 0-0 9. Bb5 Na5 10. Ne2 c6 11. Bd3 c5 12. Rc1 a6 13. d5 c4 14. Bb1 e6 15. dxe6 Bxe6 16. Qxd8 Rfxd8 17. Bb6 Nc6 18. Bxd8 Rxd8 19. Rd1 Rc8 20. Nd4 Nxd4 21. cxd4 c3 22. d5 c2 23. Bxc2 Rxc2 24. dxe6 Bc3+ 25. Kf1 fxe6 26. h4 e5 27. h5 Bd4 28. hxg6 hxg6 29. a4 Rf2+ 30. Ke1 Rxg2 31. Rb1 Ra2 32. Rh3 Rxa4 33. Rxb7 Ra1+ 34. Ke2 Ra2+ 35. Kd3 Ra3+ 36. Kc4 Rc3+ 37. Kd5 Rc5+ 38. Kd6 Rc8 39. Rg3 1-0

[Event "Titled Tuesday intern op 15th Feb Late"]
[Site "Chess.com INT"]
[Date "2022.02.15"]
[Round "7"]
[White "Toncheva, Nadya"]
[Black "Villegas, Pierre"]
[Result "1-0"]
[WhiteElo "2207"]
[BlackElo "2301"]
[PlyCount "95"]
[EventDate "2022.02.15"]
[EventType "swiss (blitz)"]
[EventRounds "11"]
[EventCountry "USA"]
[SourceTitle "CBM 206 Extra"]
[Source "ChessBase"]
[SourceDate "2022.03.31"]
[SourceVersion "1"]
[SourceVersionDate "2022.03.31"]
[SourceQuality "1"]

1. e4 c6 2. d4 d5 3. Nc3 b5 4. a3 a6 5. Nf3 Bg4 6. h3 Bxf3 7. Qxf3 e6 8. Bd3 Nf6 9. 0-0 Be7 10. Bf4 0-0 11. Rad1 Qa5 12. e5 Nfd7 13. Ne2 c5 14. dxc5 b4 15. Ng3 Nc6 16. Rfe1 bxa3 17. bxa3 g6 18. c4 Qxc5 19. cxd5 exd5 20. Rc1 Nd4 21. Qg4 Qa7 22. Be3 Nxe5 23. Bxd4 Nxg4 24. Bxa7 Rxa7 25. hxg4 Bxa3 26. Ra1 Bb4 27. Reb1 Bc3 28. Rxa6 Rxa6 29. Bxa6 f5 30. gxf5 gxf5 31. Bd3 f4 32. Ne2 Be5 33. Rb5 Rd8 34. Rxd5 Rxd5 35. Bc4 Kg7 36. Bxd5 Kf6 37. Kf1 h5 38. Ng1 Bd4 39. Ke2 Bb6 40. Kf3 Bc7 41. Nh3 Kf5 42. Bf7 h4 43. Be8 Bd6 44. Bd7+ Kf6 45. Nxf4 Kg5 46. Nh3+ Kh6 47. Kg4 Be7 48. f4 1-0

[Event "Titled Tuesday intern op 15th Feb Late"]
[Site "Chess.com INT"]
[Date "2022.02.15"]
[Round "6"]
[White "Villegas, Pierre"]
[Black "Ladan, Nicholas John"]
[Result "1/2-1/2"]
[WhiteElo "2301"]
[BlackElo "2158"]
[PlyCount "165"]
[EventDate "2022.02.15"]
[EventType "swiss (blitz)"]
[EventRounds "11"]
[EventCountry "USA"]
[SourceTitle "CBM 206 Extra"]
[Source "ChessBase"]
[SourceDate "2022.03.31"]
[SourceVersion "1"]
[SourceVersionDate "2022.03.31"]
[SourceQuality "1"]

1. d4 d5 2. c4 c6 3. Nf3 Nf6 4. Qc2 g6 5. Bf4 Bg7 6. e3 Bf5 7. Qb3 Qb6 8. Nc3 0-0 9. c5 Qxb3 10. axb3 Nbd7 11. h3 h6 12. Nd2 g5 13. Bh2 a6 14. b4 Rae8 15. Nb3 e5 16. Kd2 exd4 17. exd4 Re6 18. f3 Rfe8 19. g4 Bg6 20. Be2 Nh7 21. Rae1 Bf6 22. Bg3 Bd8 23. Bd1 f5 24. Rxe6 Rxe6 25. Bd6 f4 26. Re1 Kf7 27. h4 Nhf6 28. h5 Bh7 29. Rxe6 Kxe6 30. Bc2 Bxc2 31. Kxc2 Ne8 32. Kd3 Nxd6 33. cxd6 Kxd6 34. Nc5 Nxc5+ 35. bxc5+ Kd7 36. Na4 Ba5 37. Kc2 Kc7 38. Kd3 b5 39. cxb6+ Bxb6 40. b3 Ba7 41. Kc3 Kd6 42. Nb2 c5 43. dxc5+ Bxc5 44. Nd3 Be3 45. Kb4 Bd2+ 46. Ka4 d4 47. Ka3 Kd5 48. Ka4 Bc3 49. Ka3 Kc6 50. Ka4 Kb6 51. Ka3 Kb5 52. Ka2 a5 53. Ka3 Bb4+ 54. Ka2 a4 55. bxa4+ Kxa4 56. Kb2 Bc3+ 57. Kc2 Kb5 58. Ne5 Kb4 59. Kd3 Kc5 60. Nf7 Ba5 61. Nxh6 Bd8 62. Nf7 Bf6 63. h6 Kd5 64. h7 Ke6 65. Nxg5+ Ke7 66. Ne4 Be5 67. g5 Kf8 68. Nc5 Kg7 69. Nd7 Kxh7 70. Nxe5 Kg7 71. Kxd4 Kg8 72. Ke4 Kg7 73. Kxf4 Kg8 74. Kg4 Kg7 75. f4 Kg8 76. f5 Kg7 77. f6+ Kg8 78. Kf5 Kh8 79. g6 Kg8 80. Nf3 Kh8 81. Nh2 Kg8 82. Ng4 Kh8 83. Nh6 1/2-1/2

[Event "Titled Tuesday intern op 08th Feb Late"]
[Site "Chess.com INT"]
[Date "2022.02.08"]
[Round "1"]
[White "Jacobson, Brandon"]
[Black "Villegas, Pierre"]
[Result "1-0"]
[WhiteElo "2532"]
[BlackElo "2301"]
[PlyCount "67"]
[EventDate "2022.02.08"]
[EventType "swiss (blitz)"]
[EventRounds "11"]
[EventCountry "USA"]
[SourceTitle "CBM 206 Extra"]
[Source "ChessBase"]
[SourceDate "2022.03.31"]
[SourceVersion "1"]
[SourceVersionDate "2022.03.31"]
[SourceQuality "1"]

1. Nf3 d5 2. e3 Nf6 3. c4 e6 4. Nc3 c5 5. cxd5 exd5 6. d4 Nc6 7. Bb5 cxd4 8. Nxd4 Bd7 9. 0-0 Bd6 10. Nf3 Bg4 11. h3 Bxf3 12. Qxf3 0-0 13. Rd1 Ne5 14. Qe2 Bb4 15. Bd2 Qe7 16. Be1 Rfd8 17. Ba4 Nc6 18. a3 Bc5 19. Rac1 Bb6 20. Bxc6 bxc6 21. Na4 d4 22. Nxb6 axb6 23. Rxc6 dxe3 24. Rxd8+ Rxd8 25. Qxe3 Qd7 26. Rc1 Nd5 27. Qf3 h6 28. Rd1 Qe6 29. Bc3 Rd7 30. Qg4 f5 31. Qc4 Kf7 32. Re1 Qd6 33. Re5 Kg6 34. Qd3 1-0

[Event "Titled Tuesday intern op 08th Feb Late"]
[Site "Chess.com INT"]
[Date "2022.02.08"]
[Round "7"]
[White "Villegas, Pierre"]
[Black "Baches Garcia, Guillermo"]
[Result "1/2-1/2"]
[WhiteElo "2301"]
[BlackElo "2329"]
[PlyCount "123"]
[EventDate "2022.02.08"]
[EventType "swiss (blitz)"]
[EventRounds "11"]
[EventCountry "USA"]
[SourceTitle "CBM 206 Extra"]
[Source "ChessBase"]
[SourceDate "2022.03.31"]
[SourceVersion "1"]
[SourceVersionDate "2022.03.31"]
[SourceQuality "1"]

1. d4 Nf6 2. c4 e6 3. Nc3 d5 4. cxd5 Nxd5 5. e4 Nxc3 6. bxc3 c5 7. a3 cxd4 8. cxd4 e5 9. d5 Bd6 10. Nf3 0-0 11. Be2 Nd7 12. 0-0 Nc5 13. Nd2 Qh4 14. f3 Nd7 15. Nc4 Bc5+ 16. Be3 Bxe3+ 17. Nxe3 Nc5 18. Nc4 Re8 19. Rc1 b6 20. Nd6 Rd8 21. Nb5 Ba6 22. Nc7 Bxe2 23. Qxe2 Rac8 24. Na6 Qe7 25. Nxc5 Rxc5 26. Qe3 Rdc8 27. Rxc5 Qxc5 28. Qxc5 Rxc5 29. Rd1 Kf8 30. Rd3 Ke7 31. Kf2 Kd6 32. h4 h5 33. g4 g6 34. gxh5 gxh5 35. Ke3 b5 36. f4 f6 37. f5 a5 38. Rb3 a4 39. Rb2 Rc3+ 40. Kd2 Rxa3 41. Rxb5 Rh3 42. Rb6+ Kd7 43. Rxf6 Rxh4 44. Kd3 a3 45. Ra6 Rh3+ 46. Kc4 Re3 47. Kc5 Rxe4 48. Ra7+ Kc8 49. f6 Rf4 50. f7 a2 51. Kd6 a1Q 52. Rxa1 Rxf7 53. Kxe5 h4 54. d6 Rf2 55. Rc1+ Kd7 56. Rh1 Re2+ 57. Kf4 Kxd6 58. Rxh4 Re6 59. Rg4 Ke7 60. Rg5 Rf6+ 61. Rf5 Rxf5+ 62. Kxf5 1/2-1/2

[Event "Titled Tuesday intern op 01st Feb-B"]
[Site "Chess.com INT"]
[Date "2022.02.02"]
[Round "6"]
[White "Peterson, Eric"]
[Black "Villegas, Pierre"]
[Result "0-1"]
[WhiteElo "2157"]
[BlackElo "2308"]
[PlyCount "36"]
[EventDate "2022.02.02"]
[EventType "swiss (blitz)"]
[EventRounds "11"]
[EventCountry "USA"]
[SourceTitle "CBM 206 Extra"]
[Source "ChessBase"]
[SourceDate "2022.03.31"]
[SourceVersion "1"]
[SourceVersionDate "2022.03.31"]
[SourceQuality "1"]

1. e4 c6 2. d4 d5 3. exd5 cxd5 4. c4 Nf6 5. Nc3 Nc6 6. Bg5 Ne4 7. Nxe4 dxe4 8. d5 Ne5 9. Qd4 f6 10. Qxe4 Qb6 11. 0-0-0 g6 12. Be3 Qa5 13. Bd4 Bf5 14. Qe3 Qxa2 15. Bxe5 fxe5 16. Qxe5 Bh6+ 17. f4 0-0 18. g3 Bg7 0-1

[Event "Titled Tuesday intern op 01st Feb-B"]
[Site "Chess.com INT"]
[Date "2022.02.02"]
[Round "1"]
[White "Villegas, Pierre"]
[Black "Naroditsky, Daniel"]
[Result "0-1"]
[WhiteElo "2308"]
[BlackElo "2616"]
[PlyCount "60"]
[EventDate "2022.02.02"]
[EventType "swiss (blitz)"]
[EventRounds "11"]
[EventCountry "USA"]
[SourceTitle "CBM 206 Extra"]
[Source "ChessBase"]
[SourceDate "2022.03.31"]
[SourceVersion "1"]
[SourceVersionDate "2022.03.31"]
[SourceQuality "1"]

1. d4 Nf6 2. c4 g6 3. Nc3 Bg7 4. e4 d6 5. Nge2 0-0 6. Ng3 a6 7. Be2 c6 8. 0-0 b5 9. f4 Bb7 10. e5 Nfd7 11. Nce4 c5 12. dxc5 dxe5 13. f5 Nc6 14. cxb5 axb5 15. Bxb5 Nd4 16. Bd3 Qc7 17. b4 Bd5 18. a3 Rad8 19. Be3 Nf6 20. Bxd4 exd4 21. Nxf6+ Bxf6 22. fxg6 hxg6 23. Qc2 Be5 24. Bxg6 fxg6 25. Qxg6+ Bg7 26. Nh5 Qe5 27. Rfe1 Bf7 28. Qxg7+ Qxg7 29. Nxg7 Kxg7 30. Rxe7 d3 0-1